00653nam a2200193Ia 4500008004100000020001500041082002100056100002500077245006500102250000800167260004200175300002800217500001900245600003300264650001600297942000700313952012400320999001500444240925s9999 xx 000 0 und d a8129703173 a519.20246213 GAR aGarcia ,Alberto Leon 0aProbability and Random Processes for Electrical Engineering  a2nd aSingapore:bPearson educationc,1994. axix,924p.bNAfOriginal aIncludes Index aHumanities & Natural Science aMathematics cBK 001040708HUMaUITUbUITUd2005-03-07eF.B.Cg375.00l0o519.20246213 GARpQ6114r2024-09-25 07:14:05w2024-09-25yBK c8613d8613